000 00598nam a2200241 a 4500
999 _c1608
_d1608
007 ta
008 200110t1977 xxkad||g |||| 001 0 eng d
020 _a9780262140263
_c$ 100.00
040 _aKO
_beng
041 0 _aeng
044 _axxk
082 0 4 _223
_a623.812
_bN462
100 1 _aNewman, J. N.
245 1 0 _aMarine Hydrodynamics /
_cJ. N. Newman
260 _aLondon :
_bThe MIT Press,
_c1977.
300 _a402 p. :
_bill., charts ;
_c24 cm
504 _aIncludes Index.
650 0 _aShips
_xHydrodynamics
650 0 _aHydrodynamics
904 _aA_BOSE
942 _cBK